Chinese Biggest Cities, by urban built-up area population quiz - Statistics

General Stats
  • This quiz has been taken 129 times
  • The average score is 16 of 24
Answer Stats
Population (mil) City % Correct
18.78 Beijing
99%
21.15 Shanghai
99%
12.47 Guangzhou
96%
5.27 Chengdu
87%
8.75 Tianjin
85%
4.24 Xi'an
85%
6.18 Nanjing
82%
11.38 Shenzhen
80%
3.07 Xiamen
80%
8.52 Chongqing
76%
6.75 Wuhan
76%
4.58 Harbin
75%
3.30 Dalian
65%
5.24 Hangzhou
63%
3.38 Qingdao
58%
5.15 Shenyang
58%
3.12 Urumqi
57%
3.40 Changsha
56%
5.17 Zhengzhou
49%
3.78 Hefei
47%
3.80 Kunming
47%
4.02 Changchun
38%
3.03 Jinan
38%
3.60 Taiyuan
28%
No matching quizzes found
Score Distribution
Percent of People with Each Score
Percentile by Number Answered
Your Score History
You have not taken this quiz